banner-ar

ثلاث تمثيليات للتليفزيون / (Record no. 34317)

MARC details
000 -الفاتح
حقل البيانات ثابتة الطول 00696nam a2200205Ia 4500
008 - عناصر البيانات ثابتة الطول - معلومات عامة
حقل البيانات ثابتة الطول 140319s9999 xx 000 0 ara d
040 ## - مصدر الفهرسة
وكالة الفهرسة الأصلية GCL /
وكالة النسخ GCL
082 04 - رقم تصنيف ديوى العشرى
رقم التصنيف 822
رقم المادة ت ث
100 1# - المدخل الرئيسى - إسم شخصى
الإسم الشخصى تشا يفسكر، يادى
245 10 - بيان العنوان
العنوان ثلاث تمثيليات للتليفزيون /
بيان المسئوليه,etc تشا يفسكر، يادى
700 1# - المدخل الاضافى - اسم شخصى
الإسم الشخصى صلاح عزالدين (مترجم)
700 1# - المدخل الاضافى - اسم شخصى
الإسم الشخصى عبدالحليم البشلاوى
260 ## - PUBLICATION, DISTRIBUTION, ETC. (IMPRINT)
تاريخ النشر أو التوزيع 1980
300 ## - الوصف المادى
التعداد 223 ص
490 ## - بيان السلسلة
عنوان السلسلة مكتبة الفنون الدرامية
رقم المجلد/ التعيين التسلسلي 0
650 04 - المدخل الاضافى بالموضوع-مصطلح موضوعى
مصطلح موضوعي الادب الامريكى
650 04 - المدخل الاضافى بالموضوع-مصطلح موضوعى
مصطلح موضوعي المسلسلات التليفزيونية
942 ## - عناصر المدخل الإضافي( كوها)
مصدر التصنيف او مخطط الترفيف Dewey Decimal Classification
Koha [default] item type كتاب
260 ## - PUBLICATION, DISTRIBUTION, ETC. (IMPRINT)
-- [S.N] :
-- مكتبة مدبولى ،
Holdings
حالة التراجع حالة الفقد حالة تلف ليس للاعارة المكان المؤقت الموقع الحالى تاريخ الاكتساب اجمالي اﻻعارات رقم الطلب الباركود تاريخ اخر مشاهدة تاريخ تفعيل السعر نوع وعاء كوها
        مكتبة القاهرة الكبرى مكتبة القاهرة الكبرى 03/26/2014   822\ت ث 81533 03/26/2014 03/26/2014 كتاب
        مكتبة القاهرة الكبرى مكتبة القاهرة الكبرى 03/26/2014   822\ت ث 81534 03/26/2014 03/26/2014 كتاب

Powered By

EGPV